[Event "Lippe Cup-C 08th"]
[Site "Lieme"]
[Date "2011.10.30"]
[Round "5"]
[White "Eick, Holger"]
[Black "Wittke, Rico"]
[Result "1-0"]
[WhiteElo "1267"]
[BlackElo "1150"]
[PlyCount "80"]
[EventDate "2011.10.28"]
[EventType "swiss"]
[EventRounds "5"]
[EventCountry "GER"]
[SourceTitle "EXT 2012"]
[Source "ChessBase"]
[SourceDate "2011.11.24"]
[SourceVersion "1"]
[SourceVersionDate "2011.11.24"]
[SourceQuality "1"]

1. e4 c5 2. Nf3 Nc6 3. c3 d5 4. exd5 Qxd5 5. Be2 Nf6 6. 0-0 g6 7. Na3 a6 8. Bc4 Qh5 9. Re1 Bg7 10. Be2 Ng4 11. h3 Nf6 12. Nd4 Qg5 13. d3 Qd5 14. Nxc6 Qxc6 15. Bf3 Qc7 16. Qe2 Be6 17. Be3 0-0 18. Qd2 Rad8 19. Bh6 c4 20. d4 Qd7 21. Bxg7 Kxg7 22. Rab1 Bd5 23. Qe3 e6 24. Re2 Qd6 25. Nc2 Nd7 26. Nb4 Rfe8 27. Nxd5 exd5 28. Qxe8 Rxe8 29. Rxe8 Nf6 30. Re5 Nd7 31. Rxd5 Qe6 32. Kf1 Nf6 33. Re5 Qb6 34. Re7 Qa5 35. a3 b5 36. Rd1 Qd8 37. Rde1 Kf8 38. Bb7 Qb8 39. g3 Qd6 40. R1e2 a5 1-0

[Event "Lippe Cup-C 08th"]
[Site "Lieme"]
[Date "2011.10.30"]
[Round "4"]
[White "Wittke, Rico"]
[Black "Bringer, Pascal"]
[Result "1/2-1/2"]
[WhiteElo "1150"]
[BlackElo "1283"]
[PlyCount "43"]
[EventDate "2011.10.28"]
[EventType "swiss"]
[EventRounds "5"]
[EventCountry "GER"]
[SourceTitle "EXT 2012"]
[Source "ChessBase"]
[SourceDate "2011.11.24"]
[SourceVersion "1"]
[SourceVersionDate "2011.11.24"]
[SourceQuality "1"]

1. e4 e6 2. d4 d5 3. e5 c5 4. c3 Nc6 5. Nf3 Qb6 6. Bd3 Bd7 7. Qb3 c4 8. Qxb6 axb6 9. Bc2 b5 10. 0-0 b4 11. b3 bxc3 12. Nxc3 Nb4 13. Bd1 b5 14. Be2 cxb3 15. a3 Nc2 16. Rb1 Bxa3 17. Rxb3 b4 18. Nb5 Bxb5 19. Bxb5+ Kd8 20. Bd3 Bxc1 21. Rxc1 Na3 22. Rxb4 1/2-1/2